[Event "Politiken Cup 36th"]
[Site "Helsingor"]
[Date "2014.07.23"]
[Round "4"]
[White "Chevannes, Sabrina"]
[Black "Muschik, Benedikt"]
[Result "1/2-1/2"]
[WhiteElo "2160"]
[BlackElo "2353"]
[PlyCount "69"]
[EventDate "2014.07.21"]
[EventType "swiss"]
[EventRounds "10"]
[EventCountry "DEN"]
[SourceTitle "CBM 161 Extra"]
[Source "ChessBase"]
[SourceDate "2014.08.29"]
[SourceVersion "1"]
[SourceVersionDate "2014.08.29"]
[SourceQuality "1"]

1. d4 g6 2. e4 Bg7 3. Nc3 d6 4. Be3 a6 5. f4 Nd7 6. Nf3 b5 7. Bd3 Bb7 8. e5 c5 9. Be4 Bxe4 10. Nxe4 Nh6 11. dxc5 Nf5 12. Qe2 Nxe3 13. Qxe3 dxe5 14. 0-0-0 Qc7 15. fxe5 0-0 16. e6 Ne5 17. exf7+ Nxf7 18. Kb1 h6 19. Qb3 Kh7 20. h4 Qc6 21. Rde1 Rad8 22. Qe3 Rd5 23. Rhf1 Kg8 24. c3 Qd7 25. Nd4 b4 26. c6 Qc8 27. Nc2 bxc3 28. Nxc3 Re5 29. Qb6 Qb8 30. Qxb8 Rxb8 31. c7 Rc8 32. Rxe5 Bxe5 33. Nd5 Kg7 34. Ncb4 e6 35. Nf4 1/2-1/2

[Event "Politiken Cup 36th"]
[Site "Helsingor"]
[Date "2014.07.22"]
[Round "3"]
[White "Chevannes, Sabrina"]
[Black "Bjornsson, Eirikur K"]
[Result "1-0"]
[WhiteElo "2160"]
[BlackElo "1939"]
[PlyCount "89"]
[EventDate "2014.07.21"]
[EventType "swiss"]
[EventRounds "10"]
[EventCountry "DEN"]
[SourceTitle "CBM 161 Extra"]
[Source "ChessBase"]
[SourceDate "2014.08.29"]
[SourceVersion "1"]
[SourceVersionDate "2014.08.29"]
[SourceQuality "1"]

1. d4 Nf6 2. Nf3 c5 3. d5 b5 4. Bg5 d6 5. Bxf6 exf6 6. e4 Qb6 7. Be2 Be7 8. 0-0 0-0 9. Nbd2 f5 10. exf5 Bxf5 11. a4 Bd7 12. Re1 bxa4 13. Bd3 Bf6 14. Nc4 Qc7 15. Nfd2 Bb5 16. Ne4 Be7 17. Ne3 Bxd3 18. Qxd3 g6 19. Rxa4 Nd7 20. Nc4 Rfe8 21. Rea1 Nb6 22. Ra6 Nxc4 23. Qxc4 Reb8 24. b3 Rb4 25. Qe2 c4 26. Rc6 Qb7 27. Rxc4 a5 28. Rxb4 axb4 29. Rd1 Ra2 30. Qc4 f5 31. Nd2 Ra5 32. Nf3 Bf6 33. Qe2 Kg7 34. Qd3 Qb6 35. g3 Ra1 36. Rxa1 Bxa1 37. Ng5 Bf6 38. Ne6+ Kf7 39. Qc4 Be7 40. Qc8 Qb5 41. Nc7 Qe2 42. Qe8+ Kf6 43. Qh8+ Kg5 44. Ne6+ Kg4 45. h3+ 1-0

[Event "Commonwealth-ch"]
[Site "Glasgow"]
[Date "2014.07.08"]
[Round "9"]
[White "Chevannes, Sabrina"]
[Black "Varshini, Veileven"]
[Result "1-0"]
[WhiteElo "2160"]
[BlackElo "1984"]
[PlyCount "123"]
[EventDate "2014.06.30"]
[EventType "swiss"]
[EventRounds "9"]
[EventCountry "SCO"]
[SourceTitle "CBM 161 Extra"]
[Source "ChessBase"]
[SourceDate "2014.08.29"]
[SourceVersion "1"]
[SourceVersionDate "2014.08.29"]
[SourceQuality "1"]

1. d4 d5 2. c4 e6 3. Nc3 Nf6 4. cxd5 exd5 5. Bg5 Be7 6. e3 c6 7. Bd3 h6 8. Bf4 0-0 9. h3 Bd6 10. Nge2 Re8 11. Qc2 b6 12. 0-0 Bb7 13. Rfd1 Bxf4 14. Nxf4 Nbd7 15. b4 Qe7 16. Rab1 Nf8 17. a4 Ne4 18. Bxe4 dxe4 19. d5 cxd5 20. Ncxd5 Qe5 21. Qc7 Bxd5 22. Nxd5 Ng6 23. Qxe5 Rxe5 24. Rbc1 Nf8 25. Nc7 Rb8 26. Nb5 Re7 27. Nd4 Rd8 28. Nc6 Rxd1+ 29. Rxd1 Rc7 30. b5 Ne6 31. g4 g6 32. Kg2 Kg7 33. Kg3 Kf6 34. Rd6 Kg7 35. Rd2 Kf6 36. Rd6 Kg7 37. Nd4 Kf6 38. Rc6 Re7 39. Nxe6 fxe6 40. Kf4 g5+ 41. Kxe4 Rd7 42. f4 Kf7 43. f5 exf5+ 44. Kxf5 Kg7 45. e4 Rf7+ 46. Ke5 Re7+ 47. Kd5 Rf7 48. e5 Rd7+ 49. Rd6 Rc7 50. Re6 Rc5+ 51. Kd6 Rc3 52. Re7+ Kg6 53. Rxa7 Rd3+ 54. Ke7 Rxh3 55. Ra6 Kg7 56. Rxb6 h5 57. gxh5 Rxh5 58. Rc6 g4 59. e6 g3 60. Rc1 g2 61. Rg1 Rg5 62. b6 1-0

[Event "Commonwealth-ch"]
[Site "Glasgow"]
[Date "2014.07.07"]
[Round "8"]
[White "Chevannes, Sabrina"]
[Black "Abrahams, Daniel"]
[Result "1-0"]
[WhiteElo "2160"]
[BlackElo "2027"]
[PlyCount "33"]
[EventDate "2014.06.30"]
[EventType "swiss"]
[EventRounds "9"]
[EventCountry "SCO"]
[SourceTitle "CBM 161 Extra"]
[Source "ChessBase"]
[SourceDate "2014.08.29"]
[SourceVersion "1"]
[SourceVersionDate "2014.08.29"]
[SourceQuality "1"]

1. d4 Nf6 2. Nf3 g6 3. Nc3 d5 4. Bf4 Bg7 5. e3 0-0 6. Be2 c6 7. Ne5 Nfd7 8. Nd3 e5 9. Nxe5 Nxe5 10. Bxe5 Bxe5 11. dxe5 Qg5 12. Qd4 Re8 13. f4 Qxg2 14. 0-0-0 Bf5 15. h4 f6 16. Rdg1 Qf2 17. Qd2 1-0

[Event "Commonwealth-ch"]
[Site "Glasgow"]
[Date "2014.07.04"]
[Round "4"]
[White "Rubio Rodriguez, Luis"]
[Black "Chevannes, Sabrina"]
[Result "0-1"]
[WhiteElo "1849"]
[BlackElo "2160"]
[PlyCount "70"]
[EventDate "2014.06.30"]
[EventType "swiss"]
[EventRounds "9"]
[EventCountry "SCO"]
[SourceTitle "CBM 161 Extra"]
[Source "ChessBase"]
[SourceDate "2014.08.29"]
[SourceVersion "1"]
[SourceVersionDate "2014.08.29"]
[SourceQuality "1"]

1. e4 c6 2. d4 d5 3. e5 c5 4. c3 Nc6 5. Nf3 Bg4 6. Nbd2 e6 7. Be2 cxd4 8. cxd4 Qb6 9. 0-0 Nh6 10. h3 Bxf3 11. Nxf3 Nf5 12. Be3 Be7 13. Bd3 Nxe3 14. fxe3 0-0 15. Qe2 Nb4 16. Bb5 Nc2 17. Qxc2 Qxb5 18. Rac1 Bd8 19. h4 Qd7 20. g4 Bb6 21. Ng5 g6 22. Qf2 Bd8 23. Qf4 Rc8 24. Rcd1 Rc2 25. h5 Qe7 26. Nf3 g5 27. Qf6 Qb4 28. Qh6 Qxb2 29. Ne1 Rh2 30. e4 Qe2 31. Rd3 Rh4 32. Ng2 Rxg4 33. Rf2 Qxd3 34. exd5 Qxd4 35. dxe6 Bb6 0-1

[Event "Bunratty Masters op 21st"]
[Site "Bunratty"]
[Date "2014.02.09"]
[Round "5"]
[White "Keogh, Eamon"]
[Black "Chevannes, Sabrina"]
[Result "1-0"]
[WhiteElo "1994"]
[BlackElo "2164"]
[PlyCount "59"]
[EventDate "2014.02.07"]
[EventType "swiss"]
[EventRounds "6"]
[EventCountry "IRL"]
[SourceTitle "CBM 158 Extra"]
[Source "ChessBase"]
[SourceDate "2014.02.28"]
[SourceVersion "1"]
[SourceVersionDate "2014.02.28"]
[SourceQuality "1"]

1. d4 d5 2. g3 Nf6 3. Bg2 c6 4. Nf3 Bf5 5. 0-0 Nbd7 6. b3 h6 7. Ba3 Ne4 8. Nfd2 Ndf6 9. c4 Nxd2 10. Qxd2 Ne4 11. Bxe4 Bxe4 12. Nc3 Bf5 13. cxd5 cxd5 14. Qf4 Bh3 15. Rfc1 a6 16. Qe5 Be6 17. e4 dxe4 18. Qxe4 g6 19. d5 Bf5 20. Qe5 f6 21. Qe3 h5 22. Re1 Rh7 23. Rad1 Qa5 24. Bc5 h4 25. d6 e5 26. Nd5 Bh6 27. f4 Kf7 28. Nxf6 Kxf6 29. Qxe5+ Kf7 30. Qd5+ 1-0

[Event "Bunratty Masters op 21st"]
[Site "Bunratty"]
[Date "2014.02.08"]
[Round "3"]
[White "Chevannes, Sabrina"]
[Black "Fehr, Jukka"]
[Result "1/2-1/2"]
[WhiteElo "2164"]
[BlackElo "1973"]
[PlyCount "38"]
[EventDate "2014.02.07"]
[EventType "swiss"]
[EventRounds "6"]
[EventCountry "IRL"]
[SourceTitle "CBM 158 Extra"]
[Source "ChessBase"]
[SourceDate "2014.02.28"]
[SourceVersion "1"]
[SourceVersionDate "2014.02.28"]
[SourceQuality "1"]

1. d4 d5 2. c4 Nc6 3. Nf3 Bg4 4. e3 Nf6 5. cxd5 Bxf3 6. Qxf3 Qxd5 7. Qxd5 Nxd5 8. Nc3 Ncb4 9. Nxd5 Nxd5 10. Bd2 e6 11. Rc1 0-0-0 12. a3 f5 13. Bc4 Kb8 14. f3 g6 15. Kf2 Bg7 16. g3 e5 17. dxe5 Bxe5 18. Rc2 Rd7 19. Rhc1 Rhd8 1/2-1/2

[Event "BCF-chT1b 1314 (4NCL)"]
[Site "England"]
[Date "2014.01.12"]
[Round "4.168"]
[White "Chevannes, Sabrina"]
[Black "Lauterbach, Ingrid"]
[Result "1-0"]
[WhiteElo "2200"]
[BlackElo "2132"]
[PlyCount "121"]
[EventDate "2013.11.16"]
[EventType "team-tourn"]
[EventRounds "7"]
[EventCountry "ENG"]
[SourceTitle "EXT 2015"]
[Source "ChessBase"]
[SourceDate "2014.11.20"]
[SourceVersion "1"]
[SourceVersionDate "2014.11.20"]
[SourceQuality "1"]
[WhiteTeam "Cambridge"]
[BlackTeam "Barbican"]
[WhiteTeamCountry "ENG"]
[BlackTeamCountry "ENG"]

1. d4 d6 2. Nf3 Nd7 3. c4 Ngf6 4. Nc3 g6 5. g3 Bg7 6. Bg2 c6 7. 0-0 0-0 8. e4 e5 9. Re1 Re8 10. h3 Qc7 11. d5 Nb6 12. Qe2 Bd7 13. dxc6 bxc6 14. Be3 Nc8 15. Rad1 Be6 16. Ng5 h6 17. Nxe6 fxe6 18. h4 Rb8 19. b3 d5 20. exd5 cxd5 21. Nb5 Qb7 22. Qd2 e4 23. Bxh6 Bxh6 24. Qxh6 Qf7 25. Nc3 Nb6 26. Nb5 Ng4 27. Qf4 Qxf4 28. gxf4 a6 29. Nc7 Re7 30. Nxa6 Rf8 31. c5 Nc8 32. f3 exf3 33. Bxf3 Rxf4 34. Bg2 d4 35. Rxe6 Rxe6 36. Bd5 Rfe4 37. Nc7 Kf7 38. Nxe6 Rxe6 39. Rxd4 Nf6 40. Bc4 Ke7 41. Bxe6 Kxe6 42. b4 Ke5 43. Rd8 Na7 44. Ra8 Nb5 45. a4 Nd4 46. b5 Nf3+ 47. Kf2 Nxh4 48. c6 Ne4+ 49. Ke2 Nc3+ 50. Kd3 Nd5 51. Re8+ Kf6 52. a5 Nf5 53. Rd8 Ke6 54. Kc4 Nd6+ 55. Kc5 Ne4+ 56. Kd4 Nd6 57. b6 Ne7 58. c7 Nc6+ 59. Kd3 Ne5+ 60. Ke2 Nec4 61. b7 1-0